| 000 | 01168cam a2200301 a 4500 | ||
|---|---|---|---|
| 999 |
_c129432 _d129432 |
||
| 001 | 3414131 | ||
| 003 | ARRUPE | ||
| 005 | 20190424135039.0 | ||
| 008 | 900328s1990 enk b 001 0 eng | ||
| 010 | _a 90007176 | ||
| 020 |
_a0192177745 : _c£17.50 |
||
| 020 |
_a0192861158 (pbk.) : _c£6.99 |
||
| 040 |
_aDLC _cDLC _dDLC _dOCoLC _dDLC |
||
| 050 | 0 | 0 |
_aRJ242 _b.A42 1990 |
| 082 | 0 | 0 |
_a174/.2 _220 |
| 100 | 1 |
_aAlderson, Priscilla. _945345 |
|
| 245 | 1 | 0 |
_aChoosing for children : _bparents' consent to surgery / _cPriscilla Alderson. |
| 260 |
_aOxford [England] ; _aNew York : _bOxford University Press, _c1990. |
||
| 300 |
_axvi, 251 p. ; _c23 cm. |
||
| 504 | _aIncludes bibliographical references (p. [226]-241) and indexes. | ||
| 650 | 0 |
_aSich children _xHospital care _xDecision making. _945910 |
|
| 650 | 0 |
_aInformed consent (Medical law) _928231 |
|
| 650 | 0 |
_aChild health services _xMoral and ethical aspects. _945911 |
|
| 650 | 0 |
_aParent and child. _945344 |
|
| 856 | 4 | 2 |
_3Publisher description _uhttp://www.loc.gov/catdir/enhancements/fy0640/90007176-d.html |
| 906 |
_a7 _bcbc _corignew _d1 _eocip _f19 _gy-gencatlg |
||
| 942 |
_2lcc _cMONOGRAPH |
||